000
00232 a2200097 4500
001
15081
100
_a
Fitzgibbon . Russelh
245
_a
Uruguay portrait of a democracy
260
_a
London
_b
George Philip
_c
090
_c
11836
_d
11836
942
_a
NUST-CAE
_c
M
_c
2043
999
_c
250154
_d
250154